[Event "ECCC 2013"]
[Site "Rhodes"]
[Date "2013.10.26"]
[Round "7"]
[White "Meribanov, Vitaly"]
[Black "Hracek, Zbynek"]
[Result "0-1"]
[WhiteElo "2404"]
[BlackElo "2636"]
[PlyCount "84"]
[EventDate "2013.10.20"]
[EventType "team"]
[EventRounds "7"]
[EventCountry "GRE"]
[WhiteTeam "Minsk"]
[BlackTeam "G-Team Novy Bor"]

1. e4 e5 2. Nf3 Nc6 3. Bb5 a6 4. Ba4 Nf6 5. O-O Be7 6. Re1 b5 7. Bb3 d6 8. c3
O-O 9. d4 Bg4 10. Be3 Bh5 11. h3 Bg6 12. Nbd2 exd4 13. cxd4 Nb4 14. Qe2 c5 15.
a3 Nc6 16. dxc5 dxc5 17. Rad1 Qc7 18. Bg5 c4 19. Bc2 h6 20. Bh4 Nh5 21. Bxe7
Qxe7 22. Nb1 Rfd8 23. Nc3 Rxd1 24. Rxd1 Rd8 25. Nd5 Qc5 26. Nh4 Re8 27. Nxg6
fxg6 28. Nc7 Re7 29. Nxa6 Qe5 30. Bb1 Nf4 31. Qg4 Nd4 32. g3 Nfe2+ 33. Kg2 Rf7
34. Nb4 h5 35. f4 Rxf4 36. gxf4 Nxf4+ 37. Qxf4 Qxf4 38. Rxd4 h4 39. Rd1 Qg3+
40. Kf1 Qxh3+ 41. Ke2 Qg4+ 42. Kd2 h3 0-1

[Event "ECCC 2013"]
[Site "Rhodes"]
[Date "2013.10.26"]
[Round "7"]
[White "Bartel, Mateusz"]
[Black "Kocheev, Aleksandr"]
[Result "1/2-1/2"]
[WhiteElo "2638"]
[BlackElo "2388"]
[PlyCount "109"]
[EventDate "2013.10.20"]
[EventType "team"]
[EventRounds "7"]
[EventCountry "GRE"]
[WhiteTeam "G-Team Novy Bor"]
[BlackTeam "Minsk"]

1. e4 e5 2. Nf3 Nc6 3. Bb5 Nf6 4. d3 Ne7 5. O-O Ng6 6. d4 c6 7. dxe5 Nxe4 8.
Qe2 Nc5 9. Bc4 b5 10. Bg5 Be7 11. Bxe7 Qxe7 12. Bd3 Nxd3 13. Qxd3 Nxe5 14. Nxe5
Qxe5 15. a4 b4 16. Nc3 O-O 17. Rfe1 Qh5 18. Ne4 d5 19. Nc5 Bf5 20. Qd4 Qg6 21.
Re3 Bxc2 22. Rg3 Qh6 23. Qxb4 Rfe8 24. Qc3 Bg6 25. h3 Re2 26. Nb3 Rc2 27. Qd4
Rc4 28. Qe5 Qf4 29. Qe7 h5 30. Rf3 Qb8 31. Re1 a5 32. Qd7 Qc8 33. Qd6 Qf8 34.
Qc7 Qd8 35. Qxd8+ Rxd8 36. Nxa5 Rc2 37. Rc3 d4 38. Rxc2 Bxc2 39. Nxc6 Rd6 40.
Re8+ Kh7 41. Nb4 Bxa4 42. Re2 d3 43. Rd2 Rd4 44. Na2 Bc2 45. f3 Ra4 46. Nc3 Rb4
47. Nd5 Rb3 48. h4 Kh6 49. Kf2 Rxb2 50. Nf4 Rb3 51. Ke3 g5 52. hxg5+ Kxg5 53.
g3 Bb1 54. Nh3+ Kh6 55. Nf4 1/2-1/2

[Event "ECCC 2013"]
[Site "Rhodes"]
[Date "2013.10.26"]
[Round "7"]
[White "Efimenko, Zahar"]
[Black "Giri, Anish"]
[Result "1/2-1/2"]
[WhiteElo "2661"]
[BlackElo "2749"]
[PlyCount "90"]
[EventDate "2013.10.20"]
[EventType "team"]
[EventRounds "7"]
[EventCountry "GRE"]
[WhiteTeam "Saint-Petersburg"]
[BlackTeam "SOCAR"]

1. e4 e5 2. Nf3 Nf6 3. d4 Nxe4 4. Bd3 d5 5. Nxe5 Nd7 6. Nxd7 Bxd7 7. O-O Bd6 8.
Qh5 Qf6 9. Nc3 Qxd4 10. Be3 Qe5 11. Qxe5+ Bxe5 12. Nxd5 Nf6 13. Rae1 Nxd5 14.
Bd4 O-O-O 15. Bxe5 Nb4 16. Bc4 Nxc2 17. Re2 f6 18. Bc3 Bf5 19. Re7 Rd7 20. Rxd7
Kxd7 21. g4 Bg6 22. h4 h5 23. g5 Re8 24. Rd1+ Kc6 25. gxf6 gxf6 26. Bxf6 Re1+
27. Rxe1 Nxe1 28. Kh2 Nf3+ 29. Kg2 Nd2 30. Bg8 Ne4 31. Bd4 Nd6 32. Kf3 Nf7 33.
Kf4 a6 34. a3 Kd7 35. Bg7 Ke6 36. Bf8 Kf6 37. Ke3 Bf5 38. Kd4 Nd8 39. Bh6 Nf7
40. Bf4 Kg7 41. Bxf7 Kxf7 42. Bxc7 Ke6 43. f3 Bh3 44. Ke4 Bg2 45. Bd8 Bh1
1/2-1/2

[Event "ECCC 2013"]
[Site "Rhodes"]
[Date "2013.10.26"]
[Round "7"]
[White "Jobava, Baadur"]
[Black "Grischuk, Alexander"]
[Result "0-1"]
[WhiteElo "2694"]
[BlackElo "2786"]
[PlyCount "76"]
[EventDate "2013.10.20"]
[EventType "team"]
[EventRounds "7"]
[EventCountry "GRE"]
[WhiteTeam "PGMB-Rostov"]
[BlackTeam "Malachite"]

1. e4 c5 2. Nf3 Nc6 3. Be2 Nf6 4. d3 g6 5. Nbd2 Bg7 6. a3 O-O 7. Rb1 a5 8. a4
d5 9. O-O e5 10. exd5 Nxd5 11. Re1 h6 12. Bf1 Be6 13. c3 Qc7 14. Nc4 Rad8 15.
Nfd2 Rfe8 16. g3 f5 17. Na3 Qf7 18. Qc2 g5 19. Nb5 Re7 20. b3 Red7 21. Ba3 b6
22. Nc4 Qg6 23. Bg2 Bf7 24. Rbd1 Kh8 25. h3 h5 26. Kh2 h4 27. gxh4 Nf4 28. Rg1
e4 29. dxe4 Nxg2 30. Rxd7 Rxd7 31. Kxg2 fxe4 32. Nxb6 Rd3 33. Qe2 Ne5 34. Bxc5
Nf3 35. h5 Qf5 36. Be3 Bxh5 37. Nd4 Nh4+ 38. Kh2 Qe5+ 0-1

[Event "ECCC 2013"]
[Site "Rhodes"]
[Date "2013.10.26"]
[Round "7"]
[White "Zhigalko, Sergei"]
[Black "Shirov, Alexei"]
[Result "1/2-1/2"]
[WhiteElo "2683"]
[BlackElo "2685"]
[PlyCount "80"]
[EventDate "2013.10.20"]
[EventType "team"]
[EventRounds "7"]
[EventCountry "GRE"]
[WhiteTeam "PGMB-Rostov"]
[BlackTeam "Malachite"]

1. e4 c5 2. Nf3 Nc6 3. Bb5 e6 4. Bxc6 bxc6 5. d3 Ne7 6. h4 d6 7. h5 e5 8. h6
Bg4 9. Na3 d5 10. Rh4 Qc8 11. exd5 Ng6 12. Rxg4 Qxg4 13. dxc6 Rc8 14. Nc4 Qxg2
15. hxg7 Bxg7 16. Nd6+ Ke7 17. Nxc8+ Rxc8 18. Bg5+ f6 19. Be3 Rxc6 20. Kd2 f5
21. Qh1 Qxh1 22. Bg5+ Kf7 23. Rxh1 e4 24. dxe4 fxe4 25. Ne1 Ra6 26. b3 Rxa2 27.
Rxh7 Kg8 28. Rh3 c4 29. bxc4 Ra4 30. Rb3 Rxc4 31. Rb8+ Nf8 32. f3 Bc3+ 33. Ke2
Bxe1 34. Kxe1 Kf7 35. fxe4 Rxc2 36. Rb7+ Kg6 37. Be7 Ne6 38. Rxa7 Rc4 39. e5
Re4+ 40. Kd2 Rxe5 1/2-1/2

[Event "ECCC 2013"]
[Site "Rhodes"]
[Date "2013.10.26"]
[Round "7"]
[White "Azarov, Sergei"]
[Black "Riazantsev, Alexander"]
[Result "1/2-1/2"]
[WhiteElo "2623"]
[BlackElo "2697"]
[PlyCount "60"]
[EventDate "2013.10.20"]
[EventType "team"]
[EventRounds "7"]
[EventCountry "GRE"]
[WhiteTeam "PGMB-Rostov"]
[BlackTeam "Malachite"]

1. e4 c6 2. d4 d5 3. Nc3 dxe4 4. Nxe4 Bf5 5. Ng3 Bg6 6. Nh3 e6 7. Bc4 Bd6 8.
O-O Nd7 9. Re1 Ngf6 10. Nf4 O-O 11. Nxg6 hxg6 12. Ne4 Nxe4 13. Rxe4 Nf6 14. Re1
Qc7 15. g3 c5 16. dxc5 Bxc5 17. Qe2 Rac8 18. Bb3 Rfd8 19. Bf4 Qc6 20. Rad1 Rxd1
21. Rxd1 Ne4 22. Be3 Bxe3 23. Qxe3 Nc5 24. c3 Qb5 25. Qg5 Qe2 26. Rd8+ Rxd8 27.
Qxd8+ Kh7 28. Qh4+ Kg8 29. Qd8+ Kh7 30. Qh4+ Kg8 1/2-1/2

[Event "ECCC 2013"]
[Site "Rhodes"]
[Date "2013.10.26"]
[Round "7"]
[White "Rapport, Richard"]
[Black "Kanmazalp, Ogulcan"]
[Result "1-0"]
[WhiteElo "2676"]
[BlackElo "2417"]
[PlyCount "57"]
[EventDate "2013.10.20"]
[EventType "team"]
[EventRounds "7"]
[EventCountry "GRE"]
[WhiteTeam "Clichy Echecs 92"]
[BlackTeam "Besiktas JK"]

1. e4 e5 2. Nf3 Nc6 3. Nc3 Nf6 4. Bb5 Bb4 5. O-O O-O 6. d3 d6 7. Bg5 Ne7 8. Nh4
c6 9. Bc4 d5 10. Bb3 a5 11. a4 Qd6 12. f4 Bxc3 13. bxc3 dxe4 14. Qe1 exf4 15.
Bxf4 Qc5+ 16. Be3 Qh5 17. Bd4 Ng6 18. Nxg6 hxg6 19. dxe4 Be6 20. Bxf6 gxf6 21.
Rxf6 Qe5 22. Qf2 Bxb3 23. cxb3 Qxc3 24. Rf1 Qxb3 25. e5 Qd5 26. e6 Qe5 27. Rxf7
Rfe8 28. Qh4 Qh5 29. Qf6 1-0

[Event "ECCC 2013"]
[Site "Rhodes"]
[Date "2013.10.26"]
[Round "7"]
[White "Lagarde, Maxime"]
[Black "Atakisi, Umut"]
[Result "1-0"]
[WhiteElo "2523"]
[BlackElo "2346"]
[PlyCount "117"]
[EventDate "2013.10.20"]
[EventType "team"]
[EventRounds "7"]
[EventCountry "GRE"]
[WhiteTeam "Clichy Echecs 92"]
[BlackTeam "Besiktas JK"]

1. e4 c5 2. Nf3 d6 3. d4 cxd4 4. Qxd4 Nc6 5. Bb5 Bd7 6. Bxc6 Bxc6 7. Nc3 e5 8.
Qc4 h6 9. Be3 Nf6 10. O-O-O Qc8 11. Qd3 Be7 12. Nh4 g6 13. Nf3 a6 14. Bb6 Nd7
15. Be3 Nf6 16. Nd2 b5 17. Nd5 Nxd5 18. exd5 Bd7 19. h4 Bf5 20. Ne4 Qc4 21.
Qxc4 bxc4 22. Nc3 f6 23. Rdg1 h5 24. f3 Kf7 25. b4 cxb3 26. cxb3 Bd7 27. Kb2
Rhc8 28. Rc1 f5 29. Bg5 Bxg5 30. hxg5 a5 31. Nb1 Rxc1 32. Rxc1 Rc8 33. Nc3 Ke7
34. a3 Rb8 35. f4 exf4 36. Ne2 f3 37. gxf3 Rc8 38. Nf4 Kf7 39. Rxc8 Bxc8 40.
Kc3 Bb7 41. Kd4 Ba6 42. Ng2 Bf1 43. Nh4 Bb5 44. Kc3 Be8 45. b4 axb4+ 46. Kxb4
Ke7 47. Ka5 Bf7 48. f4 Kd7 49. Kb6 Bxd5 50. Nxg6 Bb3 51. Kb5 Bc2 52. a4 Kc7 53.
Nh4 Bd3+ 54. Kb4 Kd7 55. Kc3 Ba6 56. Nxf5 Ke6 57. Ng7+ Kd5 58. Nxh5 Ke4 59. g6
1-0

[Event "ECCC 2013"]
[Site "Rhodes"]
[Date "2013.10.26"]
[Round "7"]
[White "Mullon, Jean-Baptiste"]
[Black "Apaydin, Fethi"]
[Result "0-1"]
[WhiteElo "2445"]
[BlackElo "2246"]
[PlyCount "152"]
[EventDate "2013.10.20"]
[EventType "team"]
[EventRounds "7"]
[EventCountry "GRE"]
[WhiteTeam "Clichy Echecs 92"]
[BlackTeam "Besiktas JK"]

1. e4 c5 2. Nf3 Nc6 3. Bb5 d6 4. d4 cxd4 5. Qxd4 Qa5+ 6. Nc3 Qxb5 7. Nxb5 Nxd4
8. Nfxd4 Kd8 9. c4 Nf6 10. f3 a6 11. Nc3 e6 12. Be3 Kc7 13. O-O b6 14. Rfd1 Bb7
15. a4 Be7 16. a5 bxa5 17. Nb3 Nd7 18. Nxa5 Rhb8 19. Bf4 g5 20. Bg3 Bc8 21. Na4
e5 22. Rd2 f6 23. Bf2 Nc5 24. Bxc5 dxc5 25. Nc3 Be6 26. Nd5+ Bxd5 27. cxd5 Bd6
28. Kf2 Rb4 29. Ke2 Kb6 30. Rc2 Kb5 31. Nb7 Bf8 32. d6 Rd4 33. Nxc5 Bxd6 34.
Nb3 Rb4 35. Ra5+ Kb6 36. Rd5 Bf8 37. Na5 Rb5 38. Nc4+ Ka7 39. Ne3 Rab8 40. Rxb5
Rxb5 41. Nd5 Bc5 42. Kd3 a5 43. Nc7 Rb3+ 44. Kc4 Rb7 45. Nd5 Rb8 46. b3 Ka6 47.
Ra2 Rc8 48. Kd3 Rb8 49. Nxf6 Bd4 50. Kc2 Rc8+ 51. Kb1 Rb8 52. Ra3 Rb7 53. Ka2
Rc7 54. Kb1 Rb7 55. Kc2 Rc7+ 56. Kd2 Rb7 57. Kd3 Bc5 58. Ra1 Bd4 59. Ra3 Bc5
60. Ra2 Rxb3+ 61. Kc4 Rb5 62. Nxh7 Be7 63. Rd2 a4 64. g3 Rb4+ 65. Kc3 Rb8 66.
Rc2 Ka5 67. Rb2 Rh8 68. Rb7 Rxh7 69. Kc4 a3 70. Kb3 Ka6 71. Rd7 Kb6 72. h4 gxh4
73. gxh4 Kc6 74. Ra7 Kd6 75. Ra6+ Kd7 76. Ra7+ Ke6 0-1

[Event "ECCC 2013"]
[Site "Rhodes"]
[Date "2013.10.26"]
[Round "7"]
[White "Guseinov, Gadir"]
[Black "Leko, Peter"]
[Result "1/2-1/2"]
[WhiteElo "2603"]
[BlackElo "2732"]
[PlyCount "86"]
[EventDate "2013.10.20"]
[EventType "team"]
[EventRounds "7"]
[EventCountry "GRE"]
[WhiteTeam "Odlar Yurdu"]
[BlackTeam "Ugra"]

1. e4 c6 2. d4 d5 3. Nc3 dxe4 4. Nxe4 Nd7 5. Nf3 Ngf6 6. Ng3 g6 7. Bc4 Nd5 8.
O-O Bg7 9. Re1 N7b6 10. Bb3 Bg4 11. h3 Bxf3 12. Qxf3 O-O 13. c3 a5 14. a3 e6
15. Ne4 h6 16. Qg3 Nd7 17. Ba2 b5 18. Bd2 N7f6 19. Nc5 Qc7 20. Qxc7 Nxc7 21. a4
Nfd5 22. Kf1 Rfe8 23. Bb1 b4 24. Be4 Ra7 25. Nb3 bxc3 26. bxc3 Rea8 27. c4 Ne7
28. Rab1 Ne8 29. g4 Nf6 30. Bf3 Nd7 31. Nxa5 Bxd4 32. Nxc6 Nxc6 33. Bxc6 Rc8
34. Bb5 Nc5 35. a5 g5 36. Red1 Ne4 37. Be1 Bc3 38. Rd3 Bxa5 39. Ra1 Bb6 40.
Rxa7 Bxa7 41. Rd7 Bb6 42. f3 Nc5 43. Rd6 Bd8 1/2-1/2

[Event "ECCC 2013"]
[Site "Rhodes"]
[Date "2013.10.26"]
[Round "7"]
[White "Korobov, Anton"]
[Black "Durarbayli, Vasif"]
[Result "1-0"]
[WhiteElo "2716"]
[BlackElo "2548"]
[PlyCount "103"]
[EventDate "2013.10.20"]
[EventType "team"]
[EventRounds "7"]
[EventCountry "GRE"]
[WhiteTeam "Ugra"]
[BlackTeam "Odlar Yurdu"]

1. d4 Nf6 2. c4 e6 3. Nf3 b6 4. g3 Bb7 5. Bg2 Be7 6. Nc3 O-O 7. Qc2 c5 8. d5
exd5 9. Ng5 Na6 10. Nxd5 Bxd5 11. cxd5 d6 12. O-O b5 13. Bd2 h6 14. Nh3 Nb4 15.
Qd1 Re8 16. Nf4 a5 17. a4 Qb6 18. Bc3 Nd7 19. e3 Bf8 20. Qe2 bxa4 21. Rxa4 g6
22. Rfa1 Bg7 23. h4 Nf6 24. Qd1 Ne4 25. Ne2 h5 26. Bxe4 Rxe4 27. Nf4 Qd8 28.
Qe2 Re7 29. Kg2 Rb7 30. e4 Re7 31. f3 Rb7 32. Kh2 Raa7 33. Ng2 Re7 34. Qd2 Re8
35. Bxg7 Kxg7 36. Rxb4 cxb4 37. Qd4+ Qf6 38. Qxa7 Qxb2 39. Rxa5 Rc8 40. Ra2 Qc3
41. Qb6 b3 42. Ra3 Qxf3 43. Qxb3 Qxe4 44. Qf3 Qd4 45. Rd3 Qa1 46. Rd1 Qb2 47.
Rf1 Rc7 48. Rf2 Qd4 49. Nf4 Rb7 50. Nh3 f5 51. Ng5 Kf6 52. Qf4 1-0

[Event "ECCC 2013"]
[Site "Rhodes"]
[Date "2013.10.26"]
[Round "7"]
[White "Mammadov, Zaur"]
[Black "Khismatullin, Denis"]
[Result "0-1"]
[WhiteElo "2426"]
[BlackElo "2656"]
[PlyCount "88"]
[EventDate "2013.10.20"]
[EventType "team"]
[EventRounds "7"]
[EventCountry "GRE"]
[WhiteTeam "Odlar Yurdu"]
[BlackTeam "Ugra"]

1. e4 g6 2. d4 Bg7 3. Nf3 d6 4. Bc4 a6 5. a4 e6 6. O-O Ne7 7. Bf4 Nd7 8. Nc3 b6
9. Qd2 h6 10. Rfe1 Bb7 11. h3 g5 12. Bg3 Ng6 13. d5 Qe7 14. dxe6 fxe6 15. Ne2
Bxb2 16. Rab1 Nde5 17. Bxe5 Bxe5 18. Ned4 Bc8 19. Qe3 Qf6 20. Nxe5 Nxe5 21. Qb3
Ke7 22. Be2 Rf8 23. Rf1 Bd7 24. Qc3 c5 25. Rxb6 cxd4 26. Qc7 Nf7 27. Bxa6 Qe5
28. Bb5 Rfd8 29. f4 gxf4 30. Rb7 Rac8 31. Qa5 Qc5 32. Kh1 Ne5 33. Rxf4 Qxc2 34.
Rf1 Qc3 35. Qb6 Qc5 36. Qa5 Rf8 37. Rxf8 Rxf8 38. Rc7 Qa3 39. Qa7 Qa1+ 40. Kh2
Rd8 41. a5 Qb2 42. Bxd7 Nf3+ 43. Kg3 Rg8+ 44. Kf4 Qd2+ 0-1

[Event "ECCC 2013"]
[Site "Rhodes"]
[Date "2013.10.26"]
[Round "7"]
[White "Heimann, Andreas"]
[Black "Ragger, Markus"]
[Result "1/2-1/2"]
[WhiteElo "2493"]
[BlackElo "2668"]
[PlyCount "134"]
[EventDate "2013.10.20"]
[EventType "team"]
[EventRounds "7"]
[EventCountry "GRE"]
[WhiteTeam "Reichenstein SSB"]
[BlackTeam "Schachclub MPO Maria Saal"]

1. d4 d5 2. c4 c6 3. Nc3 Nf6 4. cxd5 cxd5 5. Bf4 Nc6 6. e3 Bf5 7. Qb3 Na5 8.
Qa4+ Bd7 9. Qc2 e6 10. Bd3 Nc6 11. Qe2 Be7 12. h3 Rc8 13. Nf3 Nb4 14. Bb1 Ne4
15. Bxe4 dxe4 16. Ne5 O-O 17. a3 Nd5 18. Nxd5 exd5 19. Nxd7 Qxd7 20. O-O Rc4
21. Rac1 Rfc8 22. Qd2 b5 23. b3 R4c6 24. a4 bxa4 25. bxa4 Rc4 26. Qb2 Qc6 27.
Rxc4 dxc4 28. Rc1 c3 29. Qb3 Qc4 30. Qb7 Ba3 31. Rc2 Bb2 32. d5 Rf8 33. Bd6 Rc8
34. Be7 Qc7 35. Qa6 h6 36. d6 Qd7 37. Qb5 Rc6 38. g4 h5 39. Qxh5 Rc4 40. Qb5
Qxb5 41. axb5 Ba3 42. Kf1 f6 43. Ke2 Kf7 44. f3 exf3+ 45. Kxf3 Bb2 46. Bd8 Ke6
47. Bc7 Rb4 48. Ba5 Rb3 49. Ke4 Ba1 50. Rc1 Ra3 51. Bc7 Bb2 52. Rc2 Rb3 53. Ba5
Kxd6 54. Kd4 Rxb5 55. Bxc3 Ba3 56. Ra2 Bc5+ 57. Kc4 Rb1 58. Bd4 Bb6 59. g5 fxg5
60. Rg2 Rc1+ 61. Kd3 Rd1+ 62. Ke4 Bxd4 63. exd4 Re1+ 64. Kd3 Rh1 65. Rxg5 Rxh3+
66. Kc4 a5 67. Rg6+ Kd7 1/2-1/2

[Event "ECCC 2013"]
[Site "Rhodes"]
[Date "2013.10.26"]
[Round "7"]
[White "Kreisl, Robert"]
[Black "Volke, Karsten"]
[Result "0-1"]
[WhiteElo "2408"]
[BlackElo "2459"]
[PlyCount "76"]
[EventDate "2013.10.20"]
[EventType "team"]
[EventRounds "7"]
[EventCountry "GRE"]
[WhiteTeam "Schachclub MPO Maria Saal"]
[BlackTeam "Reichenstein SSB"]

1. Nf3 Nf6 2. c4 e6 3. g3 d5 4. Bg2 d4 5. e3 c5 6. exd4 cxd4 7. O-O Nc6 8. d3
h6 9. a3 a5 10. Nbd2 Bd6 11. Qe2 O-O 12. Rb1 e5 13. Ne1 Bf5 14. Nc2 a4 15. b4
axb3 16. Rxb3 Qc7 17. Ne4 Nxe4 18. Bxe4 Bxe4 19. Qxe4 f5 20. Qd5+ Kh8 21. Bd2
b6 22. Rfb1 Bc5 23. Nb4 Na5 24. R3b2 e4 25. Qe6 Qf7 26. Qxf7 Rxf7 27. Rc2 Nb7
28. Bf4 Rxa3 29. dxe4 fxe4 30. Nd5 d3 31. Rcb2 Bd4 32. Rb5 Ra2 33. Ne3 Na5 34.
Ng4 Rc2 35. Rd5 Rxc4 36. Be5 Nc6 37. Nxh6 Nxe5 38. Rxe5 gxh6 0-1

[Event "ECCC 2013"]
[Site "Rhodes"]
[Date "2013.10.26"]
[Round "7"]
[White "Halvax, Georg"]
[Black "Lutz, Bernhard"]
[Result "0-1"]
[WhiteElo "2326"]
[BlackElo "2339"]
[PlyCount "104"]
[EventDate "2013.10.20"]
[EventType "team"]
[EventRounds "7"]
[EventCountry "GRE"]
[WhiteTeam "Schachclub MPO Maria Saal"]
[BlackTeam "Reichenstein SSB"]

1. e4 c5 2. Nf3 e6 3. d4 cxd4 4. Nxd4 a6 5. Bd3 Nf6 6. O-O Qc7 7. c3 d6 8. Be3
e5 9. Nc2 Be7 10. c4 Be6 11. b3 Nbd7 12. Nc3 O-O 13. Nb4 h6 14. Qd2 Ng4 15.
Nbd5 Qd8 16. Nxe7+ Qxe7 17. Rfd1 Rac8 18. Be2 Nxe3 19. Qxe3 Nb8 20. Rd2 Nc6 21.
Rad1 Nd4 22. Bf1 f5 23. Ne2 Nxe2+ 24. Qxe2 Rcd8 25. exf5 Rxf5 26. Qe3 Bf7 27.
Bd3 Rg5 28. f4 Rh5 29. f5 d5 30. cxd5 Rxd5 31. Be4 Rxd2 32. Rxd2 Qc7 33. Rd1
Rh4 34. g3 Rg4 35. Kg2 Be8 36. Bf3 Bc6 37. Rc1 Rd4 38. Bxc6 bxc6 39. Rc5 Rd5
40. Qc3 Qd7 41. Qc4 Kh7 42. Rxd5 cxd5 43. Qg4 Qc6 44. h4 d4+ 45. Kf2 e4 46. h5
e3+ 47. Kg1 Kg8 48. Qg6 Qd7 49. f6 d3 50. f7+ Qxf7 51. Qxd3 Qf2+ 52. Kh1 Qe1+
0-1

[Event "ECCC 2013"]
[Site "Rhodes"]
[Date "2013.10.26"]
[Round "7"]
[White "Drabke, Lorenz Maximilian"]
[Black "Hartl, Daniel"]
[Result "1-0"]
[WhiteElo "2434"]
[BlackElo "2289"]
[PlyCount "121"]
[EventDate "2013.10.20"]
[EventType "team"]
[EventRounds "7"]
[EventCountry "GRE"]
[WhiteTeam "Reichenstein SSB"]
[BlackTeam "Schachclub MPO Maria Saal"]

1. e4 e5 2. Nf3 Nc6 3. Bc4 Nf6 4. d3 Be7 5. O-O O-O 6. Bb3 d6 7. c3 h6 8. Nbd2
Nh7 9. Nc4 Ng5 10. Nxg5 Bxg5 11. f4 exf4 12. Bxf4 Bxf4 13. Rxf4 d5 14. exd5
Qxd5 15. d4 Qg5 16. Qf3 Be6 17. Rf1 Rae8 18. Ne3 Qe7 19. Bc2 Nd8 20. a3 c6 21.
h4 Bc8 22. Re4 Qd7 23. Bb1 Rxe4 24. Qxe4 g6 25. h5 Re8 26. Qd3 Qe7 27. Rf3 Qg5
28. hxg6 f6 29. d5 Kg7 30. Qd4 Re5 31. c4 cxd5 32. cxd5 Bd7 33. Qc3 Kf8 34.
Qc5+ Ke8 35. Qxa7 Qh4 36. Qa5 Ne6 37. Qa8+ Nd8 38. Qa5 Ne6 39. Rh3 Qd4 40. Qc3
Qxc3 41. bxc3 Nf4 42. Rxh6 Rxe3 43. Rh8+ Ke7 44. g7 Rg3 45. g8=Q Rxg8 46. Rxg8
Ne2+ 47. Kf2 Nxc3 48. Rg7+ Kd6 49. Bc2 Nxd5 50. Be4 Bc6 51. Bxd5 Kxd5 52. Rg4
f5 53. Rf4 Ke5 54. g3 Be4 55. Ke3 Bc6 56. Rb4 Bg2 57. Rb5+ Bd5 58. Ra5 Ke6 59.
Kf4 Be4 60. Re5+ Kf6 61. Rxe4 1-0

[Event "ECCC 2013"]
[Site "Rhodes"]
[Date "2013.10.26"]
[Round "7"]
[White "Ertl, Johann"]
[Black "Kuehn, Peter"]
[Result "1/2-1/2"]
[WhiteElo "2258"]
[BlackElo "2377"]
[PlyCount "80"]
[EventDate "2013.10.20"]
[EventType "team"]
[EventRounds "7"]
[EventCountry "GRE"]
[WhiteTeam "Schachclub MPO Maria Saal"]
[BlackTeam "Reichenstein SSB"]

1. e4 c6 2. Nc3 d5 3. Nf3 Bg4 4. h3 Bxf3 5. Qxf3 e6 6. d3 Nd7 7. Bd2 g6 8.
O-O-O Bg7 9. g4 Ne7 10. h4 h6 11. Qg3 Qb8 12. f4 b5 13. Kb1 b4 14. Ne2 dxe4 15.
dxe4 a5 16. h5 Nc5 17. hxg6 Nxe4 18. gxf7+ Kxf7 19. Qf3 Nxd2+ 20. Rxd2 Rd8 21.
Rxd8 Qxd8 22. Bg2 Qd5 23. Qxd5 cxd5 24. Rd1 Rc8 25. Rd3 Rc5 26. a3 e5 27. fxe5
Bxe5 28. axb4 axb4 29. Bf3 Ke6 30. c3 bxc3 31. bxc3 Nc6 32. Bg2 Ne7 33. Rh3 Ng8
34. Kb2 Kd6 35. Rd3 Nf6 36. Bf3 Ke6 37. Re3 Kd6 38. Rd3 Ke6 39. Re3 Kd6 40. Rd3
Ke6 1/2-1/2

[Event "ECCC 2013"]
[Site "Rhodes"]
[Date "2013.10.26"]
[Round "7"]
[White "Pruijssers, Roeland"]
[Black "Bok, Benjamin"]
[Result "1-0"]
[WhiteElo "2529"]
[BlackElo "2525"]
[PlyCount "159"]
[EventDate "2013.10.20"]
[EventType "team"]
[EventRounds "7"]
[EventCountry "GRE"]
[WhiteTeam "Accres Apeldoorn"]
[BlackTeam "Amay Chess Club"]

1. e4 c5 2. Nf3 d6 3. c3 Nf6 4. Be2 g6 5. O-O Bg7 6. Re1 O-O 7. Bf1 Nc6 8. a4
e5 9. d3 h6 10. Nbd2 d5 11. g3 Qc7 12. exd5 Nxd5 13. Nc4 Bf5 14. Nfd2 Rfd8 15.
Ne4 b6 16. Bg2 Be6 17. Qe2 Rd7 18. h4 f5 19. Bh3 Re8 20. Ned2 Nde7 21. Nf3 Bxc4
22. dxc4 e4 23. Bf4 Qd8 24. Rad1 Rxd1 25. Rxd1 Qa8 26. Ne1 Ne5 27. Bxe5 Bxe5
28. Rd7 Qc6 29. Qd1 e3 30. Bg2 exf2+ 31. Kxf2 Qe6 32. Bd5 Nxd5 33. Qxd5 Qxd5
34. cxd5 Bxg3+ 35. Kxg3 Rxe1 36. Rxa7 Rd1 37. Rb7 Rxd5 38. Rxb6 Kg7 39. Kf4 c4
40. Rb4 Kf6 41. Rb6+ Kf7 42. Rb4 Kf6 43. Rb6+ Kf7 44. Rc6 Rd2 45. Rxc4 Rf2+ 46.
Ke5 Re2+ 47. Kd5 g5 48. a5 g4 49. a6 g3 50. Rc7+ Kf6 51. Rc6+ Kf7 52. a7 Re8
53. h5 f4 54. Rg6 Ra8 55. Ke4 Rxa7 56. Kxf4 Ra2 57. b4 g2 58. Ke4 Rb2 59. Kd4
Ke7 60. Kc5 Kd7 61. c4 Rf2 62. Kd4 Rf4+ 63. Kd3 Rf3+ 64. Ke4 Rf2 65. b5 Rb2 66.
Kd4 Kc7 67. Kc3 Rf2 68. Kb4 Rb2+ 69. Kc5 Rf2 70. Rg7+ Kc8 71. Kb6 Rf6+ 72. Ka5
Rf4 73. Kb4 Rf2 74. b6 Rb2+ 75. Ka5 Rf2 76. Ka6 Ra2+ 77. Kb5 Rf2 78. c5 Kd8 79.
b7 Rb2+ 80. Kc6 1-0

[Event "ECCC 2013"]
[Site "Rhodes"]
[Date "2013.10.26"]
[Round "7"]
[White "Zaragatski, Ilja"]
[Black "Van Delft, Merijn"]
[Result "1-0"]
[WhiteElo "2510"]
[BlackElo "2425"]
[PlyCount "97"]
[EventDate "2013.10.20"]
[EventType "team"]
[EventRounds "7"]
[EventCountry "GRE"]
[WhiteTeam "Amay Chess Club"]
[BlackTeam "Accres Apeldoorn"]

1. Nf3 Nf6 2. g3 g6 3. Bg2 Bg7 4. O-O O-O 5. c4 d6 6. d4 Nc6 7. Nc3 a6 8. Qd3
Bd7 9. d5 Nb4 10. Qd1 a5 11. a3 Na6 12. Be3 Nc5 13. Bxc5 dxc5 14. e4 Ng4 15. h3
Ne5 16. Nd2 f6 17. Qe2 Nf7 18. Rad1 e5 19. dxe6 Bxe6 20. Nb3 Qe7 21. Nd5 Bxd5
22. cxd5 f5 23. Qc2 b6 24. exf5 Nd6 25. fxg6 Qf6 26. gxh7+ Kh8 27. Rd2 a4 28.
Nc1 c4 29. Ne2 Qh6 30. Nd4 Qxh7 31. Ne6 Qxc2 32. Rxc2 Rf7 33. Nxg7 Kxg7 34. Re1
Ra5 35. f4 Rb5 36. Kf2 Rb3 37. Re3 b5 38. h4 Nf5 39. Rec3 Re7 40. Rd2 Re3 41.
Rxe3 Nxe3 42. Bf3 c3 43. bxc3 Nc4 44. Re2 Rxa3 45. Re7+ Kf6 46. Rxc7 Rxc3 47.
g4 a3 48. Be4 a2 49. g5# 1-0

[Event "ECCC 2013"]
[Site "Rhodes"]
[Date "2013.10.26"]
[Round "7"]
[White "Kuipers, Stefan"]
[Black "Burg, Twan"]
[Result "0-1"]
[WhiteElo "2411"]
[BlackElo "2499"]
[PlyCount "86"]
[EventDate "2013.10.20"]
[EventType "team"]
[EventRounds "7"]
[EventCountry "GRE"]
[WhiteTeam "Accres Apeldoorn"]
[BlackTeam "Amay Chess Club"]

1. Nf3 Nf6 2. d3 g6 3. e4 d6 4. g3 Bg7 5. Bg2 O-O 6. O-O c5 7. a4 Nc6 8. Na3 d5
9. exd5 Nxd5 10. Nc4 e5 11. Re1 f6 12. c3 Be6 13. Nfd2 Nb6 14. Qe2 Qc7 15. Ne4
Nb8 16. Na5 Nd5 17. Nxb7 Qxb7 18. Nxc5 Qe7 19. Nxe6 Qxe6 20. c4 Nc7 21. Bxa8
Nxa8 22. d4 Rc8 23. d5 Qa6 24. b3 Bf8 25. Qg4 f5 26. Qd1 Nd7 27. Ba3 Bxa3 28.
Rxa3 Qd6 29. Ra2 Nc7 30. Rae2 Na6 31. Kh1 Nb4 32. Re3 h5 33. h3 Kf7 34. R1e2 a5
35. Qa1 Re8 36. Qc3 e4 37. Qd4 Nc5 38. g4 Nbd3 39. gxf5 gxf5 40. Qc3 f4 41.
Rxd3 Nxd3 42. f3 Qd7 43. Kh2 exf3 0-1

[Event "ECCC 2013"]
[Site "Rhodes"]
[Date "2013.10.26"]
[Round "7"]
[White "Van Der Elburg, Freddie"]
[Black "Broekmeulen, Jasper"]
[Result "0-1"]
[WhiteElo "2196"]
[BlackElo "2435"]
[PlyCount "96"]
[EventDate "2013.10.20"]
[EventType "team"]
[EventRounds "7"]
[EventCountry "GRE"]
[WhiteTeam "Accres Apeldoorn"]
[BlackTeam "Amay Chess Club"]

1. f4 Nf6 2. Nf3 g6 3. g3 Bg7 4. Bg2 O-O 5. O-O c5 6. d3 Nc6 7. e4 d6 8. Nc3
Bg4 9. h3 Bxf3 10. Bxf3 Nd7 11. Bg2 Rb8 12. a4 a6 13. Be3 Nd4 14. Qd2 b5 15.
axb5 axb5 16. Rae1 b4 17. Nd1 Nb6 18. Kh1 Na4 19. c3 bxc3 20. bxc3 Nb5 21. d4
Qa5 22. dxc5 dxc5 23. e5 Rfd8 24. Qa2 e6 25. Bxc5 Nbxc3 26. Nxc3 Qxc3 27. Bd6
Qb3 28. Qa1 Rxd6 29. Rb1 Nc5 30. Rxb3 Nxb3 31. Qa7 Rdd8 32. Rb1 Bf8 33. Kh2 Rb4
34. Qe3 Rdb8 35. Qc3 h5 36. h4 Kg7 37. Kh3 Nd4 38. Rxb4 Rxb4 39. Bf1 Nf5 40.
Bd3 Nh6 41. Kg2 Ra4 42. Bb1 Ng4 43. Kh3 Ra3 44. Qd4 Rb3 45. Bc2 Re3 46. Qc4 Re1
47. Qb5 Rh1+ 48. Kg2 Rh2+ 0-1